| 000 | 00870nam a2200277 i 4500 | ||
|---|---|---|---|
| 001 | 18342 | ||
| 003 | ES-MaACL | ||
| 005 | 20231222063028.0 | ||
| 007 | t| | ||
| 008 | 011029s2000 sp ||||1| spa d | ||
| 020 | _a84-7628-344-X | ||
| 080 | _a141.12"17" | ||
| 080 | _a215"17" | ||
| 100 | 1 |
_aMoscoso, Javier, _d1966- _983750 |
|
| 245 | 1 | 0 |
_aMaterialismo y religión _b: ciencias de la vida en la Europa ilustrada / _cJavier Moscoso. |
| 250 | _a1ª ed. | ||
| 260 |
_aBarcelona : _bEdiciones del Serbal, _c2000. |
||
| 300 |
_a187 p. ; _c24 cm. |
||
| 490 | 1 |
_aLa estrella polar ; _v23 |
|
| 504 | _aBibliografía: p. [173]-187. | ||
| 650 | 1 | 4 |
_aMaterialismo- _yS.XVIII. _914848 |
| 650 | 4 |
_aReligión y ciencia- _yS.XVIII. _916809 |
|
| 830 | 0 |
_aLa estrella polar ; _v23 _9189927 |
|
| 852 |
_aES-MaACL _jL-25025 _bR.130402 |
||
| 999 |
_c18342 _d18342 |
||